000
00314nam a2200109Ia 4500
008
200302s9999 xx 000 0 und d
100
_a
Stephen M. Elonka & Other
245
_a
Standard Refrigeration and Air Conditioning 3rd ed.
260
_b
Mcgraw- hill International Book co.,
260
_c
1983
300
_a
427 P.,
999
_c
1271
_d
1271